Представление документа в формате MARC21

Поле Инд. ПП Название Значение
Тип записи a
Библиографический уровень b
001 Контрольный номер RU/IS/BASE/220368667
005 Дата корректировки 20220715140327.9
008 Кодируемые данные 20061225
040 b Код языка каталог. rus
e Правила каталог. PSBO
041 0_ a Код языка текста rus
084 a Индекс другой классификации/Индекс ББК 66.3(2Рос),1; 60.561.32
100 1_ a Автор Конюшко С. В.
245 10 a Заглавие Российский федерализм: от "парада суверенитетов" к "вертикали власти"
504 a Библиография Библиогр. ссылки. - Примеч.
650 a Основная рубрика внутренняя политика
a Основная рубрика политика
a Основная рубрика политическая социология
a Основная рубрика социология
653 a Ключевые слова вертикаль власти
a Ключевые слова государственное устройство
a Ключевые слова политические системы
a Ключевые слова региональная власть
a Ключевые слова региональные политические системы
a Ключевые слова регионы России
a Ключевые слова Россия
a Ключевые слова федерализм
a Ключевые слова федеративная реформа
a Ключевые слова федеративное устройство
a Ключевые слова федерация
773 0_ t Заглавие источника Вестник Московского университета. Серия 18, Социология и политология
d Дата издания источника 2006
g Прочая информация № 4. - С. 3 - 13
w Контрольный № источника RU/IS/BASE/219330550
901 t Тип документа b